000 00591nam a2200181 a 4500
001 000047330
005 20201002053544.0
008 180503s1950 dr ac 000 0 spa d
040 _aDO-SdBNP
_bspa
_cBNPHU
082 _axxx
_bxxx
100 1 _aInchaustegui, J. Marino
_953793
245 1 0 _aHistoria Dominicana :
_b1844-1950, sexto curso /
_cJ. Marino Inchaustegui.
250 _a6a. ed.
_bcorr. aumentada
260 _aSanto Domingo, :
_bLibreria Dominicana,
_c1950.
300 _a203 p. :
_bil., retrs. ;
_c21 cm.
590 _aInventariado, 2018/ YL
500 _aSexto curso, texto escolar.
999 _c46818
_d46818